Statistics for Countries Bigger than 1,000,000 square kilometers

Click here to take the quiz!

General Stats

  • This quiz has been taken 20 times
  • The average score is 25 of 30

Answer Stats

HintAnswer% Correct
9,984,670Canada
100%
9,596,961China
100%
17,098,242Russia
100%
7,741,220Australia
94%
8,515,767Brazil
94%
2,724,900Kazakhstan
94%
1,221,037South Africa
94%
2,381,741Algeria
88%
2,780,400Argentina
88%
2,344,858Democratic Republic Of the Congo
88%
3,287,263India
88%
1,648,195Iran
88%
1,564,110Mongolia
88%
2,149,690Saudi Arabia
88%
9,833,517United States
88%
1,002,450Egypt
82%
1,904,569Indonesia
82%
1,759,540Libya
82%
1,964,375Mexico
82%
1,098,581Bolivia
76%
1,284,000Chad
76%
1,141,748Colombia
76%
1,267,000Niger
76%
1,285,216Peru
76%
1,246,700Angola
71%
2,166,066Denmark
71%
1,861,484Sudan
71%
1,240,192Mali
65%
1,030,700Mauritania
65%
1,104,300Ethiopia
53%

Score Distribution

Percentile by Number Answered

Percent of People with Each Score

Your Score History

You have not taken this quiz